<?xml version="1.0" encoding="UTF-8"?><?xml-stylesheet type="text/xsl" href="static/style.xsl"?><OAI-PMH xmlns="http://www.openarchives.org/OAI/2.0/" xmlns:xsi="http://www.w3.org/2001/XMLSchema-instance" xsi:schemaLocation="http://www.openarchives.org/OAI/2.0/ http://www.openarchives.org/OAI/2.0/OAI-PMH.xsd"><responseDate>2026-04-28T19:01:39Z</responseDate><request verb="GetRecord" identifier="oai:repisalud.isciii.es:20.500.12105/25393" metadataPrefix="marc">https://repisalud.isciii.es/rest/oai/request</request><GetRecord><record><header><identifier>oai:repisalud.isciii.es:20.500.12105/25393</identifier><datestamp>2025-12-18T12:58:23Z</datestamp><setSpec>com_20.500.12105_19319</setSpec><setSpec>com_20.500.12105_5568</setSpec><setSpec>com_20.500.12105_2404</setSpec><setSpec>com_20.500.12105_2403</setSpec><setSpec>com_20.500.12105_2052</setSpec><setSpec>com_20.500.12105_2051</setSpec><setSpec>col_20.500.12105_25390</setSpec><setSpec>col_20.500.12105_19608</setSpec></header><metadata><record xmlns="http://www.loc.gov/MARC21/slim" xmlns:dcterms="http://purl.org/dc/terms/" xmlns:doc="http://www.lyncode.com/xoai" xmlns:xsi="http://www.w3.org/2001/XMLSchema-instance" xsi:schemaLocation="http://www.loc.gov/MARC21/slim http://www.loc.gov/standards/marcxml/schema/MARC21slim.xsd">
   <leader>00925njm 22002777a 4500</leader>
   <datafield ind2=" " ind1=" " tag="042">
      <subfield code="a">dc</subfield>
   </datafield>
   <datafield ind2=" " ind1=" " tag="720">
      <subfield code="a">Rodríguez-Campelo, Dan</subfield>
      <subfield code="e">author</subfield>
   </datafield>
   <datafield ind2=" " ind1=" " tag="720">
      <subfield code="a">Guerras Moreira, Juan Miguel</subfield>
      <subfield code="e">author</subfield>
   </datafield>
   <datafield ind2=" " ind1=" " tag="720">
      <subfield code="a">Fernandez Martinez, Beatriz</subfield>
      <subfield code="e">author</subfield>
   </datafield>
   <datafield ind2=" " ind1=" " tag="720">
      <subfield code="a">Herrador, Zaida</subfield>
      <subfield code="e">author</subfield>
   </datafield>
   <datafield ind2=" " ind1=" " tag="720">
      <subfield code="a">Estevez-Reboredo, Rosa Maria</subfield>
      <subfield code="e">author</subfield>
   </datafield>
   <datafield ind2=" " ind1=" " tag="260">
      <subfield code="c">2024</subfield>
   </datafield>
   <datafield ind2=" " ind1=" " tag="520">
      <subfield code="a">[ES] Introducción: la hidatidosis es una zoonosis de diagnóstico normalmente tardío y/o casual provocada por parásitos del género Echinococcus. La tasa de notificación en España ha ido disminuyendo desde que fue incluida como enfermedad de declaración obligatoria. El objetivo de este trabajo es describir la situación y evolución de la hidatidosis humana en España desde 2015 hasta 2023. Método: se realizó un análisis descriptivo de los casos de hidatidosis notificados a la Red Nacional de Vigilancia Epidemiológica (RENAVE) desde 2015, con especial hincapié en el año 2023. Se analizaron variables como edad, sexo, comunidad autónoma de residencia y exposición. Se calcularon frecuencias, porcentajes, tasas de notificación y se realizaron mapas. Resultados: entre 2015-2023, se notificaron 710 casos de hidatidosis autóctonos, con un dato máximo en 2015 (154 casos) y disminución hasta 2019, seguida de un ligero aumento en 2021. En 2023, se notificaron 71 casos autóctonos de los cuales un 39,4% estuvieron hospitalizados, aunque no se registró ningún fallecimiento. En el 2023 las tasas de notificación más altas se observaron en Extremadura, La Rioja y Región Foral de Navarra, mientras que las más bajas correspondieron a la Comunidad Valenciana, País Vasco y Cataluña. Discusión la disminución en la notificación, seguida por un repunte sugiere la efectividad de las medidas de control pero, también indica desafíos persistentes. La presencia de casos importados y la variabilidad regional implican factores socioeconómicos, culturales o ambientales que deben considerarse en las estrategias de control y prevención. [EN] Introduction: hydatidosis is a zoonosis typically diagnosed late and/or incidentally, caused by the parasite Echinococcus. The notification rate in Spain has been decreasing since it was included as a notifiable disease. The aim of this work is to describe the situation and evolution of human hydatidosis in Spain since 2015, with special emphasis in the last year 2023. Method: a descriptive analysis was conducted of the cases of hydatidosis reported to the National Epidemiological Surveillance Network (RENAVE) since 2015, with a special emphasis on the year 2023. Variables such as age, sex, autonomous community of residence, and exposure were analyzed. Frequencies, percentages, notification rates were calculated, and maps were created. Results: Between 2015 and 2023, 710 indigenous cases of hydatidosis were reported, with a peak in 2015 (154 cases) and decline until 2019, followed by a slight increase in 2021. In 2023, 71 indigenous cases were reported, of which 39.4% were hospitalizated, although no deaths were recorded. In 2023, the highest notification rates were observed in Extremadura, La Rioja, and C.F. Navarra, while the lowest rates were in the Comunitat Valenciana, País Vasco, and Cataluña. Discussion: a decrese in notification followed by an uptick suggests the effectiveness of control measures but also indicates persistent challenges. The presence of imported cases and regional variability reflects socioeconomic, cultural or environmental factors that must be considered in control and prevention strategies.</subfield>
   </datafield>
   <datafield ind1="8" ind2=" " tag="024">
      <subfield code="a">Rodríguez-Campelo D, Guerras JM, Fernández-Martínez B, Herrador-Ortiz Z, Estévez-Reboredo RM. Evolución de la hidatidosis en España desde 2015 hasta 2023. Boletín Epidemiológico Semanal. 2024;32(3):125-136.</subfield>
   </datafield>
   <datafield ind1="8" ind2=" " tag="024">
      <subfield code="a">2173-9277</subfield>
   </datafield>
   <datafield ind1="8" ind2=" " tag="024">
      <subfield code="a">10.4321/s2173-92772024000300003</subfield>
   </datafield>
   <datafield ind1="8" ind2=" " tag="024">
      <subfield code="a">https://hdl.handle.net/20.500.12105/25393</subfield>
   </datafield>
   <datafield ind1="8" ind2=" " tag="024">
      <subfield code="a">Boletín Epidemiológico Semanal</subfield>
   </datafield>
   <datafield tag="653" ind2=" " ind1=" ">
      <subfield code="a">Hidatidosis</subfield>
   </datafield>
   <datafield tag="653" ind2=" " ind1=" ">
      <subfield code="a">Zoonosis</subfield>
   </datafield>
   <datafield tag="653" ind2=" " ind1=" ">
      <subfield code="a">Vigilancia epidemiológica</subfield>
   </datafield>
   <datafield tag="653" ind2=" " ind1=" ">
      <subfield code="a">Hydatidosis</subfield>
   </datafield>
   <datafield tag="653" ind2=" " ind1=" ">
      <subfield code="a">Epidemiological surveillance</subfield>
   </datafield>
   <datafield ind2="0" ind1="0" tag="245">
      <subfield code="a">Evolución de la hidatidosis en España desde 2015 hasta 2023</subfield>
   </datafield>
</record></metadata></record></GetRecord></OAI-PMH>